LEADER 02130nam a2200289 4500 001 000000364634 003 CaOOAMICUS 005 20251010085610.0 008 251010s2025 it 010 u ita r 020 $a978-88-7105-553-4 040 $aSeMil$bita 100 1 $aBertuletti, Angelo,$d<1940- >.$0(OLS)http://semarc/name/18683 245 12$aL'uomo, evento dell'eccesso di Dio :$bl'invenzione del soggetto e le sue radici bibliche /$cAngelo Bertuletti. 264 1$aMilano :$bGlossa,$c2025. 300 $aXXII, 521 p. ;$c21 cm 490 1 $aQuodlibet ;$v51 520 2 $aL?invenzione del soggetto moderno nella teologia cristiana antica e in quella medievale si deve all?interazione complessa del paradigma metafisico e di quello biblico-scritturistico. Il tratto qualificante del concetto biblico di creazione consiste nell?appartenenza dell?antropologia al piano originario del Principio, senza alcun pregiudizio per l?assoluta trascendenza dell?origine. La genesi della concezione biblica non appartiene originariamente al concetto, ma a una forma di esperienza più originaria del concetto e che non può essere significata se non tramite un racconto. L?opera esegetica sviluppata da Paul Beauchamp nella seconda metà del XX secolo si segnala per il livello finora mai raggiunto della reciproca fecondazione dell?approccio storico-letterario e di quello filosofico (2. di cop.) 600 14$aBeauchamp, Paul .$0(OLS)http://semarc/subject/40784 650 4$aSoggetto .$0(OLS)http://semarc/subject/44951 650 4$aAntropologia teologica.$0(OLS)http://semarc/subject/2114 830 0$aQuodlibet ;$v51.$0(OLS)http://semarc/title/173 850 $aSeMil 852 $aSeMil$W1$xVenegono$y1$m2KA N 51$j263112$B255490$CSeMilBibl$Z2$F255490 $81 996 $6020$a978-88-7105-553-4$9(OLS)http://semarc/number/304294 996 $6245$aL'uomo, evento dell'eccesso di Dio :$bl'invenzione del soggetto e le sue radici bibliche$9(OLS)http://semarc/title/456060 996 $6264$aMilano :$bGlossa$9(OLS)http://semarc/publisher/29635 LEADER 01130nam a2200265 i 4500 001 000000200202 003 CaOOAMICUS 005 20110520000000.0 008 110520s2000 it u000 u fre u 013 $a178900 020 $a2-7067-0202-8 040 $aSeMil$bita 100 1 $aBoeglin, Jean-Georges.$0(OLS)http://semarc/name/38139 245 14$aLes droits de l'homme chez Jean-Paul 2. /$cJean-Georges Boeglin. 260 $aParis :$bSalvator,$c2000. 300 $a207 p. ;$c21 cm. 500 $aCon dedica autografa dell'autore. 650 4$aDiritti dell'uomo - Concezione cristiana.$0(OLS)http://semarc/subject/7124 650 4$aGiovanni Paolo II - Concezione dell'uomo.$0(OLS)http://semarc/subject/12431 850 $aSeMil 852 $aSeMil$W1$xVenegono$y1$m2A II 500$j150731$B150731$CSeMilBibl$Z2$F165546 $81 961 $aLascito: Spezzibottiani don Mario 996 $6020$a2-7067-0202-8$9(OLS)http://semarc/number/192694 996 $6245$aLes droits de l'homme chez Jean-Paul 2.$9(OLS)http://semarc/title/289489 996 $6260$aParis :$bSalvator$9(OLS)http://semarc/publisher/41071